Powiaty, których nazwy siedzib są zakończone na -no - Statystyki

Ogólne statystyki
  • Ten quiz został rozwiązany 14 razy
  • Średni wynik to 15 z 20
Statystyki odpowiedzi
Województwo Siedziba Powiat % Poprawnych
kujawsko-pomorskie Chełmno chełmiński
92%
wielkopolskie Gniezno gnieźnieński
92%
zachodniopomorskie Gryfino gryfiński
92%
łódzkie Kutno kutnowski
92%
podkarpackie Krosno krośnieński
85%
lubuskie Krosno Odrzańskie krośnieński
85%
mazowieckie Lipno lipnowski
85%
kujawsko-pomorskie Mogilno mogileński
85%
opolskie Olesno oleski
85%
podlaskie Kolno kolneński
77%
kujawsko-pomorskie Sępólno Krajeńskie sępoleński
77%
zachodniopomorskie Sławno sławieński
77%
kujawsko-pomorskie Wąbrzeźno wąbrzeski
77%
wielkopolskie Kępno kępiński
69%
wielkopolskie Leszno leszczyński
69%
mazowieckie Piaseczno piaseczyński
69%
zachodniopomorskie Choszczno choszczeński
62%
łódzkie Opoczno opoczyński
62%
łódzkie Pajęczno pajęczański
62%
warmińsko-mazurskie Szczytno szczycieński
54%
Nie znaleziono quizów pasujących do podanych kryteriów
Rozkład punktacji
Procent ludzi z każdym wynikiem
Percentyl według liczby udzielonych odpowiedzi
Twoja historia wyników
Nie rozwiązałeś tego quizu